[Event "37. Copenhagen Open (Politiken Cup)"]
[Site "Elsinore"]
[Date "2015.07.29"]
[Round "6"]
[White "Saltvedt, Martin"]
[Black "Taksrud, Vidar"]
[Result "0-1"]
[WhiteElo "1864"]
[BlackElo "2048"]
[PlyCount "118"]
[EventDate "2015.07.25"]
[EventType "swiss"]
[EventRounds "10"]
[EventCountry "DEN"]
[Source "ChessBase"]
[SourceDate "2015.09.14"]

1. d4 d5 2. Nf3 Nf6 3. Bg5 Nbd7 4. e3 e6 5. Bd3 c5 6. c3 Be7 7. Nbd2 O-O 8. O-O
Qc7 9. Qc2 h6 10. Bf4 Bd6 11. Bxd6 Qxd6 12. e4 dxe4 13. Nxe4 Nxe4 14. Bxe4 Nf6
15. Bd3 Bd7 16. Rad1 cxd4 17. Nxd4 Rfd8 18. Rfe1 Rac8 19. Re3 e5 20. Nf3 Qe6
21. Nxe5 Qxa2 22. Rde1 Be6 23. Ng6 Nd5 24. Qb1 Qxb1 25. Bxb1 Nxe3 26. Ne7+ Kf8
27. Nxc8 Nxg2 28. Kxg2 Rxc8 29. Be4 b6 30. Rd1 Ke7 31. Kf3 Rd8 32. Ra1 a5 33.
Ra4 Bb3 34. Ra3 a4 35. Bc6 Rd2 36. Bxa4 Bd5+ 37. Ke3 Rxb2 38. Bd1 Ra2 39. Rxa2
Bxa2 40. Kd4 Be6 41. c4 Kd6 42. Bf3 g5 43. Bh5 g4 44. f4 f5 45. Be8 Ke7 46. Bg6
Kf6 47. Be8 Bg8 48. Bc6 h5 49. Bg2 h4 50. Kd3 h3 51. Bf1 Ke7 52. Kc3 Kd6 53.
Kb4 Be6 54. Kb5 Kc7 55. c5 Bd7+ 56. Kc4 Bc6 57. cxb6+ Kxb6 58. Kd4 g3 59. Bxh3
gxh2 0-1

[Event "37. Copenhagen Open (Politiken Cup)"]
[Site "Elsinore"]
[Date "2015.07.29"]
[Round "6"]
[White "Sateren, Erlend"]
[Black "Starup, Leo"]
[Result "1-0"]
[WhiteElo "1400"]
[BlackElo "1619"]
[PlyCount "85"]
[EventDate "2015.07.25"]
[EventType "swiss"]
[EventRounds "10"]
[EventCountry "DEN"]
[Source "ChessBase"]
[SourceDate "2015.09.14"]

1. e4 c5 2. Nf3 d6 3. d4 cxd4 4. Nxd4 Nf6 5. Nc3 a6 6. a4 e5 7. Nb3 Be6 8. Be2
Be7 9. Be3 Nbd7 10. O-O O-O 11. f3 Rc8 12. Nd5 Nxd5 13. exd5 Bf5 14. c4 h6 15.
Nd2 Nc5 16. b4 Nd3 17. Qb3 Nf4 18. Bxf4 exf4 19. Ne4 Qb6+ 20. Kh1 Rfe8 21. a5
Qe3 22. Bd3 Bxe4 23. fxe4 Bg5 24. Rf3 Qd4 25. Rc1 Red8 26. Qc3 Qa7 27. e5 dxe5
28. Qxe5 Re8 29. Qc3 Re3 30. c5 Rce8 31. d6 Qa8 32. Rxe3 fxe3 33. Be2 Rc8 34.
Bf3 Rc6 35. Qe5 Qb8 36. h4 Bxh4 37. Qe4 Qd8 38. Bg4 Bg5 39. Rf1 Bh4 40. Qxe3
Bg5 41. Qe5 Bf6 42. Qf5 Kf8 43. Qh7 1-0

[Event "37. Copenhagen Open (Politiken Cup)"]
[Site "Elsinore"]
[Date "2015.07.29"]
[Round "6"]
[White "Satre, Mathias"]
[Black "Grove, Peter"]
[Result "0-1"]
[WhiteElo "1753"]
[BlackElo "2098"]
[PlyCount "134"]
[EventDate "2015.07.25"]
[EventType "swiss"]
[EventRounds "10"]
[EventCountry "DEN"]
[Source "ChessBase"]
[SourceDate "2015.09.14"]

1. c4 f5 2. g3 Nf6 3. Bg2 d6 4. d4 g6 5. Nc3 Bg7 6. Nf3 O-O 7. O-O Nc6 8. a3 e5
9. dxe5 dxe5 10. Qc2 e4 11. Ng5 Nd4 12. Qd1 h6 13. Nh3 Be6 14. b3 g5 15. Bb2 c5
16. e3 Nc6 17. Ne2 Qb6 18. Bc3 Rad8 19. Qc2 Rd3 20. Rad1 Rfd8 21. Nc1 R3d7 22.
Rxd7 Rxd7 23. Rd1 Qd8 24. Rxd7 Qxd7 25. Bf1 f4 26. exf4 Bxh3 27. fxg5 hxg5 28.
Bxh3 Qxh3 29. Bxf6 Bxf6 30. Qxe4 Ne5 31. Nd3 Nxd3 32. Qg6+ Bg7 33. Qxd3 Qe6 34.
Qd8+ Kf7 35. Qxg5 Bd4 36. Qd2 Qe4 37. Qd1 Kg6 38. b4 b6 39. Qc1 Qe2 40. Qf4
Qxc4 41. Qe4+ Kf6 42. Qf3+ Ke6 43. Qc6+ Ke5 44. Qc7+ Ke4 45. Qh7+ Ke5 46. Qc7+
Kf6 47. Qd8+ Kg6 48. h4 Qf7 49. Qg5+ Kh7 50. Qd2 Qf3 51. Kf1 Qxa3 52. Qc2+ Kg7
53. h5 Qf3 54. Qg6+ Kf8 55. Qd6+ Kf7 56. Qd7+ Kg8 57. Qe8+ Qf8 58. Qg6+ Kh8 59.
f4 cxb4 60. h6 b3 61. Qd3 Bf6 62. g4 b2 63. Qf5 Be7 64. Qe5+ Qf6 65. Qe4 Qxh6
66. Qe5+ Qf6 67. Qe4 Bd6 0-1

[Event "37. Copenhagen Open (Politiken Cup)"]
[Site "Elsinore"]
[Date "2015.07.29"]
[Round "6"]
[White "Satre, Roger"]
[Black "Birkestrand, Odd Helge"]
[Result "1-0"]
[WhiteElo "1900"]
[BlackElo "1698"]
[PlyCount "61"]
[EventDate "2015.07.25"]
[EventType "swiss"]
[EventRounds "10"]
[EventCountry "DEN"]
[Source "ChessBase"]
[SourceDate "2015.09.14"]

1. e4 e5 2. Nf3 Nc6 3. d4 exd4 4. Bc4 Nf6 5. e5 d5 6. Bb5 Ne4 7. Nxd4 Bd7 8.
Bxc6 bxc6 9. O-O Be7 10. f3 Nc5 11. c4 O-O 12. Nc3 dxc4 13. f4 Ne6 14. f5 Nxd4
15. Qxd4 Bb4 16. Qxc4 Qe7 17. Ne4 Ba5 18. f6 Bb6+ 19. Kh1 Qxe5 20. fxg7 Kxg7
21. Bg5 f5 22. Ng3 Qd4 23. Qxd4+ Bxd4 24. Rad1 c5 25. Ne2 Bb5 26. Nxd4 cxd4 27.
Rf4 Kg6 28. Be7 Rfe8 29. Bc5 d3 30. a4 Bxa4 31. Rxa4 1-0

[Event "37. Copenhagen Open (Politiken Cup)"]
[Site "Elsinore"]
[Date "2015.07.29"]
[Round "6"]
[White "Schadd, Jan"]
[Black "Lobersli, Henrik Oie"]
[Result "1/2-1/2"]
[WhiteElo "1852"]
[BlackElo "2034"]
[PlyCount "90"]
[EventDate "2015.07.25"]
[EventType "swiss"]
[EventRounds "10"]
[EventCountry "DEN"]
[Source "ChessBase"]
[SourceDate "2015.09.14"]

1. Nf3 e6 2. c4 Nf6 3. Nc3 b6 4. e4 Bb7 5. e5 Ne4 6. Qc2 Nxc3 7. dxc3 d6 8. Bf4
dxe5 9. Nxe5 Qf6 10. Qa4+ c6 11. g3 Bd6 12. Ng4 Qe7 13. Bxd6 Qxd6 14. Rd1 Qc7
15. Bg2 O-O 16. O-O Na6 17. b4 Rfd8 18. Qc2 Rac8 19. Qe4 Ba8 20. Qe3 Qe7 21. h4
Nb8 22. a3 Nd7 23. Rd3 Nf8 24. Rfd1 Rxd3 25. Qxd3 c5 26. Bxa8 Rxa8 27. Ne5 Rc8
28. b5 Qc7 29. Nc6 f6 30. a4 a5 31. Qd6 Qxd6 32. Rxd6 Kf7 33. Kg2 e5 34. Kf3
Rc7 35. Ke4 Ng6 36. Nb8 Rb7 37. Rd7+ Rxd7 38. Nxd7 Ke6 39. Nxb6 f5+ 40. Ke3 Kd6
41. Nd5 e4 42. Nb6 Kc7 43. Nd5+ Kd6 44. Nb6 Kc7 45. Nd5+ Kd6 1/2-1/2

[Event "37. Copenhagen Open (Politiken Cup)"]
[Site "Elsinore"]
[Date "2015.07.29"]
[Round "6"]
[White "Schjolin, John"]
[Black "Neu, Alexandre"]
[Result "0-1"]
[WhiteElo "1276"]
[BlackElo "1741"]
[PlyCount "68"]
[EventDate "2015.07.25"]
[EventType "swiss"]
[EventRounds "10"]
[EventCountry "DEN"]
[Source "ChessBase"]
[SourceDate "2015.09.14"]

1. d4 Nf6 2. c4 g6 3. Nf3 Bg7 4. Nc3 d6 5. Bf4 O-O 6. h3 Nc6 7. d5 Na5 8. e4 c5
9. Bd3 a6 10. O-O Bd7 11. Re1 e5 12. Bd2 Rb8 13. Rb1 b5 14. b3 Nh5 15. Qc1 Nf4
16. Bxf4 exf4 17. h4 Bg4 18. Be2 Bxf3 19. Bxf3 bxc4 20. bxc4 Nxc4 21. Ne2 Rxb1
22. Qxb1 Ne5 23. Qb3 Qxh4 24. g3 fxg3 25. fxg3 Nxf3+ 26. Qxf3 Qf6 27. Qe3 Qb2
28. a4 Rb8 29. Qd3 Qb4 30. Qd1 Qxe4 31. Nf4 Qd4+ 32. Qxd4 Bxd4+ 33. Kf1 Be5 34.
Ne2 Rb6 0-1

[Event "37. Copenhagen Open (Politiken Cup)"]
[Site "Elsinore"]
[Date "2015.07.29"]
[Round "6"]
[White "Schmidt, Kristen"]
[Black "Delorme, Axel"]
[Result "0-1"]
[WhiteElo "2254"]
[BlackElo "2484"]
[PlyCount "110"]
[EventDate "2015.07.25"]
[EventType "swiss"]
[EventRounds "10"]
[EventCountry "DEN"]
[Source "ChessBase"]
[SourceDate "2015.09.14"]

1. e4 e5 2. Nf3 Nc6 3. Bb5 a6 4. Ba4 Nf6 5. O-O Be7 6. Re1 b5 7. Bb3 d6 8. c3
O-O 9. d4 Bg4 10. d5 Na5 11. Bc2 c6 12. h3 Bc8 13. dxc6 Qc7 14. Nbd2 Qxc6 15.
Nf1 Nc4 16. Ng3 Re8 17. a4 Be6 18. Ng5 Bd7 19. Qe2 h6 20. Nf3 Bf8 21. Bd3 Qc7
22. axb5 axb5 23. Rxa8 Rxa8 24. Nd2 Be6 25. Nxc4 bxc4 26. Bc2 Ra1 27. Be3 Qa5
28. Kh2 d5 29. exd5 Nxd5 30. Bd2 Rxe1 31. Qxe1 Nf4 32. h4 Qd8 33. Kg1 Nd3 34.
Qe4 Bd5 35. Qg4 Be6 36. Qe4 Bd5 37. Qg4 Qf6 38. Be3 Qc6 39. b3 Be6 40. Qe4 Bd5
41. Qg4 Be6 42. Qe4 Qxe4 43. Nxe4 Ne1 44. Bb1 cxb3 45. Kf1 Nc2 46. Bxc2 bxc2
47. Bc1 Bc4+ 48. Ke1 Bd5 49. f3 f5 50. Ng3 f4 51. Ne4 Bxe4 52. fxe4 Bc5 53. Kd2
Be3+ 54. Kxc2 Bxc1 55. Kxc1 g5 0-1

[Event "37. Copenhagen Open (Politiken Cup)"]
[Site "Elsinore"]
[Date "2015.07.29"]
[Round "6"]
[White "Schmitt, Carsten1"]
[Black "Roder, Peter"]
[Result "1-0"]
[WhiteElo "1988"]
[BlackElo "2144"]
[PlyCount "91"]
[EventDate "2015.07.25"]
[EventType "swiss"]
[EventRounds "10"]
[EventCountry "DEN"]
[Source "ChessBase"]
[SourceDate "2015.09.14"]

1. c4 Nf6 2. g3 c5 3. Bg2 Nc6 4. Nc3 g6 5. e4 Bg7 6. Nge2 d6 7. O-O O-O 8. d3
Rb8 9. Rb1 a6 10. a3 b5 11. cxb5 axb5 12. b4 cxb4 13. axb4 Bd7 14. h3 Qc8 15.
Kh2 h5 16. Be3 Ne5 17. Nd5 Nxd5 18. exd5 Bf5 19. Rb3 f6 20. f4 Nf7 21. Nd4 Nh6
22. Nc6 Rb7 23. Qd2 Qd7 24. Rc1 Ra8 25. Rbc3 Ra4 26. Na5 Rb8 27. Rc7 Qe8 28.
Nc6 Bf8 29. Nxb8 Qxb8 30. Bd4 Qa8 31. Rb1 Ra2 32. Rb2 Ra3 33. Rc3 Ra1 34. Rcc2
Ra3 35. Ra2 Qa4 36. Rxa3 Qxa3 37. Be4 h4 38. Qc3 hxg3+ 39. Kxg3 Qa8 40. Kh2 Qa4
41. Rc1 Qa8 42. Ra1 Qe8 43. Qc6 Bd7 44. Qb7 Nf5 45. Bf2 e5 46. Ra7 1-0

[Event "37. Copenhagen Open (Politiken Cup)"]
[Site "Elsinore"]
[Date "2015.07.29"]
[Round "6"]
[White "Schou Moldt, Thomas"]
[Black "Andersen, Rune Egede"]
[Result "0-1"]
[WhiteElo "2205"]
[BlackElo "2028"]
[PlyCount "78"]
[EventDate "2015.07.25"]
[EventType "swiss"]
[EventRounds "10"]
[EventCountry "DEN"]
[Source "ChessBase"]
[SourceDate "2015.09.14"]

1. e4 e6 2. d4 d5 3. Nd2 Be7 4. c3 Nf6 5. e5 Nfd7 6. Bd3 c5 7. Ne2 Nc6 8. Nf3
cxd4 9. cxd4 f6 10. exf6 Nxf6 11. O-O O-O 12. Bg5 Bd7 13. a3 Be8 14. Ng3 Nh5
15. Be3 Nf4 16. Bb1 Bd6 17. b4 a6 18. Ra2 Rc8 19. Ne1 Qf6 20. Rd2 Ne7 21. Rc2
Ba4 22. Qd2 Bxc2 23. Bxc2 Rc7 24. Nf3 Nxg2 25. Ne5 Bxe5 26. dxe5 Qf3 27. Bd1
Nh4 28. Bxf3 Nxf3+ 29. Kg2 Nxd2 30. Bxd2 Rc2 31. Be3 Rf7 32. Bc5 Nc6 33. Re1 g6
34. h4 h5 35. Bb6 Rf4 36. Bc5 Kf7 37. Kg1 Rxh4 38. Re3 Kg7 39. Ne2 d4 0-1

[Event "37. Copenhagen Open (Politiken Cup)"]
[Site "Elsinore"]
[Date "2015.07.29"]
[Round "6"]
[White "Schroeder, Jan Christian"]
[Black "Naroditsky, Daniel"]
[Result "1/2-1/2"]
[WhiteElo "2461"]
[BlackElo "2622"]
[PlyCount "83"]
[EventDate "2015.07.25"]
[EventType "swiss"]
[EventRounds "10"]
[EventCountry "DEN"]
[Source "ChessBase"]
[SourceDate "2015.09.14"]

1. e4 c5 2. Nf3 d6 3. d4 cxd4 4. Nxd4 Nf6 5. Nc3 Nc6 6. Bg5 g6 7. Bb5 Bd7 8.
Bxf6 exf6 9. Nb3 Be6 10. Qd2 Bg7 11. O-O-O O-O 12. Qxd6 Qb6 13. Qc5 Bh6+ 14.
Kb1 Bxb3 15. Qxb6 Bxa2+ 16. Nxa2 axb6 17. c3 Ra5 18. Bxc6 bxc6 19. Nb4 Re8 20.
f3 Re6 21. Nc2 c5 22. Na3 b5 23. Rd5 Bf8 24. Rhd1 Rea6 25. Kc2 b4 26. cxb4 cxb4
27. Nc4 Ra1 28. Kb3 Rxd1 29. Rxd1 f5 30. exf5 gxf5 31. Ne3 Re6 32. Rd3 Rh6 33.
h3 Rg6 34. Rd2 Bh6 35. Rd8+ Bf8 36. Rd2 Bh6 37. Rd8+ Bf8 38. Kc4 f4 39. Nd5
Rxg2 40. Nf6+ Kg7 41. Nh5+ Kg8 42. Nf6+ 1/2-1/2

[Event "37. Copenhagen Open (Politiken Cup)"]
[Site "Elsinore"]
[Date "2015.07.29"]
[Round "6"]
[White "Semcesen, Daniel"]
[Black "Ask, Josef"]
[Result "1-0"]
[WhiteElo "2437"]
[BlackElo "2170"]
[PlyCount "73"]
[EventDate "2015.07.25"]
[EventType "swiss"]
[EventRounds "10"]
[EventCountry "DEN"]
[Source "ChessBase"]
[SourceDate "2015.09.14"]

1. Nf3 d5 2. d4 Nf6 3. c4 e6 4. Bg5 Be7 5. Nc3 O-O 6. e3 h6 7. Bh4 b6 8. Rc1
Bb7 9. Bxf6 Bxf6 10. cxd5 exd5 11. Bd3 Re8 12. O-O c5 13. b3 Nd7 14. Bb5 Re7
15. Na4 cxd4 16. Nxd4 Bxd4 17. Qxd4 Re4 18. Qd2 d4 19. f3 Rxe3 20. Qxd4 Qg5 21.
Qxd7 Bxf3 22. Rf2 Re7 23. Qd2 Qxb5 24. gxf3 Rae8 25. Nc3 Qh5 26. Ne4 Qh3 27.
Qf4 Re5 28. Rg2 Qe6 29. Qf6 g6 30. Qxe6 R5xe6 31. Rgc2 f5 32. Ng3 Re1+ 33. Kf2
Rxc1 34. Rxc1 Rd8 35. Rc2 Rd7 36. Ke3 Kf7 37. Rc6 1-0

[Event "37. Copenhagen Open (Politiken Cup)"]
[Site "Elsinore"]
[Date "2015.07.29"]
[Round "6"]
[White "Shehzad, Kasher"]
[Black "Maesschalck, Vincent"]
[Result "0-1"]
[WhiteElo "1563"]
[BlackElo "1784"]
[PlyCount "94"]
[EventDate "2015.07.25"]
[EventType "swiss"]
[EventRounds "10"]
[EventCountry "DEN"]
[Source "ChessBase"]
[SourceDate "2015.09.14"]

1. e4 e6 2. d4 d5 3. exd5 exd5 4. Nf3 Nc6 5. Bb5 Bd7 6. O-O Bd6 7. Re1+ Nce7 8.
Bxd7+ Qxd7 9. Nc3 c6 10. Bg5 f6 11. Be3 O-O-O 12. Qd2 Qc7 13. Ne2 Ng6 14. b3
N8e7 15. c4 dxc4 16. bxc4 Nf5 17. Qc3 Nxe3 18. fxe3 c5 19. a4 Rhe8 20. a5 a6
21. Rab1 Ne7 22. dxc5 Bxc5 23. Ned4 Nc6 24. Nxc6 Qxc6 25. Nd4 Qe4 26. Rbd1 Rxd4
27. exd4 Bxd4+ 28. Qxd4 Qxd4+ 29. Rxd4 Rxe1+ 30. Kf2 Re5 31. Rd5 Kc7 32. Rxe5
fxe5 33. Ke3 b6 34. axb6+ Kxb6 35. Ke4 a5 36. Kd5 Kc7 37. Kxe5 Kc6 38. Kd4 a4
39. c5 a3 40. Kc3 Kxc5 41. Kb3 Kd4 42. Kxa3 Ke3 43. Kb4 Kf2 44. g4 Kg2 45. Kc5
Kxh2 46. Kd5 Kg3 47. g5 Kf4 0-1

[Event "37. Copenhagen Open (Politiken Cup)"]
[Site "Elsinore"]
[Date "2015.07.29"]
[Round "6"]
[White "Simensen, Vegard"]
[Black "Bjerre, Jonas Buhl"]
[Result "1/2-1/2"]
[WhiteElo "1859"]
[BlackElo "2083"]
[PlyCount "61"]
[EventDate "2015.07.25"]
[EventType "swiss"]
[EventRounds "10"]
[EventCountry "DEN"]
[Source "ChessBase"]
[SourceDate "2015.09.14"]

1. c4 b6 2. Nf3 Bb7 3. g3 Bxf3 4. exf3 c5 5. Bg2 Nc6 6. O-O g6 7. f4 Bg7 8. Nc3
h5 9. h3 Nh6 10. Re1 Nf5 11. d3 O-O 12. Be4 Nfd4 13. Be3 e6 14. Rb1 Qe7 15.
Bxd4 Bxd4 16. Qf3 Rac8 17. g4 hxg4 18. hxg4 f5 19. Bxc6 fxg4 20. Qxg4 Rxc6 21.
Qxg6+ Bg7 22. Re5 Rxf4 23. Rh5 Qf7 24. Qh7+ Kf8 25. Ne4 e5 26. Kf1 Rg6 27. b3
Rfg4 28. Ke2 Rg2 29. Rh3 R6g4 30. Rf1 Rf4 31. Qh5 1/2-1/2

[Event "37. Copenhagen Open (Politiken Cup)"]
[Site "Elsinore"]
[Date "2015.07.29"]
[Round "6"]
[White "Skjoldager, Flemming"]
[Black "Kakulidis, Ellen"]
[Result "1/2-1/2"]
[WhiteElo "1944"]
[BlackElo "1770"]
[PlyCount "49"]
[EventDate "2015.07.25"]
[EventType "swiss"]
[EventRounds "10"]
[EventCountry "DEN"]
[Source "ChessBase"]
[SourceDate "2015.09.14"]

1. e4 e6 2. d4 d5 3. e5 c5 4. c3 Nc6 5. Nf3 Qb6 6. a3 c4 7. Nbd2 Na5 8. Be2 Bd7
9. a4 Ne7 10. O-O a6 11. Ne1 Nf5 12. g3 Be7 13. Ng2 g6 14. Qc2 Rc8 15. Ne3 Qc7
16. Bg4 b5 17. axb5 axb5 18. Qd1 b4 19. Bxf5 gxf5 20. Qh5 bxc3 21. bxc3 Nb3 22.
Ra2 h6 23. Re1 Qb7 24. Nf3 Ra8 25. Rxa8+ 1/2-1/2

[Event "37. Copenhagen Open (Politiken Cup)"]
[Site "Elsinore"]
[Date "2015.07.29"]
[Round "6"]
[White "Skjolingstad, Sverre"]
[Black "Sande, Odmund"]
[Result "0-1"]
[WhiteElo "1519"]
[BlackElo "1898"]
[PlyCount "50"]
[EventDate "2015.07.25"]
[EventType "swiss"]
[EventRounds "10"]
[EventCountry "DEN"]
[Source "ChessBase"]
[SourceDate "2015.09.14"]

1. e4 c5 2. Nf3 Nc6 3. d4 cxd4 4. Nxd4 Nf6 5. Nc3 e5 6. Ndb5 d6 7. Bg5 a6 8.
Na3 b5 9. Nd5 Be7 10. Bxf6 Bxf6 11. c3 O-O 12. Be2 Bg5 13. Nc2 Kh8 14. O-O f5
15. exf5 Bxf5 16. a4 bxa4 17. Rxa4 a5 18. Bf3 Rb8 19. Nde3 Ne7 20. Nc4 e4 21.
Bg4 Qd7 22. Rxa5 Bxg4 23. Qxd6 h6 24. Re1 Qxd6 25. Nxd6 Rxb2 0-1

[Event "37. Copenhagen Open (Politiken Cup)"]
[Site "Elsinore"]
[Date "2015.07.29"]
[Round "6"]
[White "Skovgaard, Tom"]
[Black "Hoyer, Jacob K"]
[Result "1-0"]
[WhiteElo "2022"]
[BlackElo "2202"]
[PlyCount "111"]
[EventDate "2015.07.25"]
[EventType "swiss"]
[EventRounds "10"]
[EventCountry "DEN"]
[Source "ChessBase"]
[SourceDate "2015.09.14"]

1. e4 c5 2. Nf3 d6 3. Bb5+ Bd7 4. Bxd7+ Nxd7 5. O-O Ngf6 6. Re1 Rc8 7. c3 e6 8.
d4 cxd4 9. cxd4 Be7 10. Nc3 Nb6 11. Qd3 O-O 12. h3 Qd7 13. a4 Nc4 14. d5 e5 15.
Nd2 Nxd2 16. Bxd2 a6 17. Rec1 Nh5 18. b4 Nf4 19. Qf1 Bg5 20. Be3 Bh6 21. Kh2 f5
22. g3 Ng6 23. Bxh6 gxh6 24. b5 axb5 25. Qxb5 Qf7 26. Qe2 fxe4 27. Nxe4 Rxc1
28. Rxc1 Qxd5 29. Rc8 Qe6 30. Rxf8+ Kxf8 31. Qd2 Ke7 32. Qxh6 Qf7 33. Qg5+ Kd7
34. Kg2 d5 35. Nf6+ Ke6 36. Ng4 e4 37. Qe3 Qc7 38. Qd4 Qe7 39. h4 h5 40. Ne3
Qd7 41. Qb6+ Qc6 42. Qd8 Ne7 43. a5 Qc8 44. Qb6+ Ke5 45. Qh6 Qe8 46. Qg7+ Ke6
47. Nc2 Qg6 48. Nd4+ Kd7 49. Qe5 Qf7 50. Qb8 Qf6 51. Qxb7+ Ke8 52. Qb8+ Kf7 53.
Qb6 Nc6 54. Nxc6 Qf3+ 55. Kh2 d4 56. Ne5+ 1-0

[Event "37. Copenhagen Open (Politiken Cup)"]
[Site "Elsinore"]
[Date "2015.07.29"]
[Round "6"]
[White "Smirin, Ilia"]
[Black "Aabling Thomsen, Jakob"]
[Result "1-0"]
[WhiteElo "2663"]
[BlackElo "2333"]
[PlyCount "51"]
[EventDate "2015.07.25"]
[EventType "swiss"]
[EventRounds "10"]
[EventCountry "DEN"]
[Source "ChessBase"]
[SourceDate "2015.09.14"]

1. e4 c5 2. Nf3 d6 3. d4 cxd4 4. Nxd4 Nf6 5. Nc3 g6 6. Be3 Bg7 7. f3 O-O 8. Qd2
Nc6 9. g4 Be6 10. O-O-O d5 11. g5 Nh5 12. Nxe6 fxe6 13. exd5 exd5 14. Qxd5+
Qxd5 15. Nxd5 Rxf3 16. Bg2 Rf5 17. Rhe1 Kh8 18. Nc7 Rc8 19. Ne6 Ra5 20. Kb1 Rb5
21. Bc1 Bc3 22. Re3 Ng7 23. Bh3 Nxe6 24. Bxe6 Rd8 25. Rxd8+ Nxd8 26. Bc4 1-0

[Event "37. Copenhagen Open (Politiken Cup)"]
[Site "Elsinore"]
[Date "2015.07.29"]
[Round "6"]
[White "Smith, Axel"]
[Black "Haugli, Petter"]
[Result "1-0"]
[WhiteElo "2449"]
[BlackElo "2247"]
[PlyCount "81"]
[EventDate "2015.07.25"]
[EventType "swiss"]
[EventRounds "10"]
[EventCountry "DEN"]
[Source "ChessBase"]
[SourceDate "2015.09.14"]

1. c4 Nf6 2. Nc3 g6 3. d4 Bg7 4. e4 d6 5. Be2 O-O 6. Bg5 c5 7. d5 e6 8. Qd2
exd5 9. exd5 Bf5 10. Nf3 Qb6 11. Nh4 Ne4 12. Nxe4 Bxe4 13. f3 h6 14. Bxh6 Bxh6
15. Qxh6 Qxb2 16. Rc1 Bc2 17. Qd2 Qf6 18. g3 Ba4 19. O-O Nd7 20. f4 a6 21. f5
g5 22. Nf3 g4 23. Ng5 Qd4+ 24. Qxd4 cxd4 25. Bxg4 Nc5 26. Nf3 d3 27. Nd2 b5 28.
f6 Rfe8 29. Rf4 Re5 30. Bf5 Rxf5 31. Rxf5 Re8 32. Rg5+ Kf8 33. Rh5 Kg8 34. Rg5+
Kf8 35. Rh5 Kg8 36. Rf1 Nd7 37. cxb5 axb5 38. Rg5+ Kf8 39. Rh5 Kg8 40. Rg5+ Kf8
41. h4 1-0

[Event "37. Copenhagen Open (Politiken Cup)"]
[Site "Elsinore"]
[Date "2015.07.29"]
[Round "6"]
[White "Sorensen, Per Settergren"]
[Black "Gottschalck, Christian"]
[Result "1/2-1/2"]
[WhiteElo "2087"]
[BlackElo "1830"]
[PlyCount "164"]
[EventDate "2015.07.25"]
[EventType "swiss"]
[EventRounds "10"]
[EventCountry "DEN"]
[Source "ChessBase"]
[SourceDate "2015.09.14"]

1. Nf3 c5 2. c4 Nf6 3. g3 g6 4. Bg2 Bg7 5. O-O O-O 6. Nc3 Nc6 7. d4 cxd4 8.
Nxd4 Nxd4 9. Qxd4 d6 10. Qd3 Rb8 11. Bd2 Bd7 12. Rac1 Bc6 13. e4 Kh8 14. b3 Nd7
15. Be3 Nc5 16. Qc2 b6 17. Rfd1 Qc8 18. b4 Ne6 19. Nd5 Re8 20. f4 Nc7 21. Bd4
e5 22. Nxc7 Qxc7 23. Ba1 Rbd8 24. Rf1 f6 25. f5 g5 26. Bf3 Re7 27. Rfe1 Qb7 28.
b5 Bd7 29. Red1 Bxf5 30. Qe2 Bg6 31. g4 Rc7 32. Rc2 Qc8 33. Rdc1 Bf7 34. Bb2
Qe6 35. Qd3 Rdc8 36. Be2 Bf8 37. Kg2 Bg6 38. Ba3 Bf7 39. Bb4 Bg6 40. Qf3 Qf7
41. Bd3 Qe6 42. Kg3 Be7 43. Rc3 Kg7 44. a4 Qf7 45. Ra1 Rxc4 46. Bxc4 Rxc4 47.
Rxc4 Qxc4 48. Bd2 Bxe4 49. Qc3 Qxc3+ 50. Bxc3 d5 51. a5 Bc5 52. axb6 Bxb6 53.
Ba5 Bd3 54. Bxb6 axb6 55. Ra6 Bxb5 56. Rxb6 Bc4 57. Rc6 Be2 58. Rc2 Bd3 59. Rc5
d4 60. Rd5 Bg6 61. h4 gxh4+ 62. Kxh4 Kf7 63. Kg3 Ke6 64. Rd8 d3 65. Kf2 e4 66.
Ke3 Ke5 67. Rf8 h5 68. Rg8 Bf7 69. Rg7 Ke6 70. gxh5 Bxh5 71. Ra7 f5 72. Ra6+
Ke5 73. Ra5+ Kf6 74. Ra6+ Kg5 75. Ra5 Bg4 76. Rd5 Kh4 77. Rd6 Kg3 78. Rd8 Kg2
79. Rd6 Kf1 80. Ra6 Ke1 81. Ra1+ Bd1 82. Ra2 Bc2 1/2-1/2

[Event "37. Copenhagen Open (Politiken Cup)"]
[Site "Elsinore"]
[Date "2015.07.29"]
[Round "6"]
[White "Sparvang, Johnny"]
[Black "Huse, Arne Kjelsbol"]
[Result "1-0"]
[WhiteElo "1619"]
[BlackElo "1222"]
[PlyCount "107"]
[EventDate "2015.07.25"]
[EventType "swiss"]
[EventRounds "10"]
[EventCountry "DEN"]
[Source "ChessBase"]
[SourceDate "2015.09.14"]

1. e4 e5 2. Nf3 Nc6 3. Nc3 Nf6 4. Bc4 Nxe4 5. Nxe4 d5 6. Qe2 dxc4 7. Qxc4 Be6
8. Qb5 Rb8 9. Nxe5 a6 10. Nxc6 axb5 11. Nxd8 Rxd8 12. O-O Be7 13. Re1 O-O 14.
b3 Rfe8 15. Bb2 Bf8 16. d3 Bf5 17. Ng3 Rxe1+ 18. Rxe1 Bd7 19. Ne4 Bc6 20. Be5
Re8 21. Bc3 b4 22. Bd2 Bxe4 23. dxe4 Rd8 24. Be3 Rd6 25. Bc5 Rd2 26. Bxf8 Kxf8
27. Rc1 Re2 28. f3 Rd2 29. h4 Ke7 30. Kh2 g6 31. Kh3 h5 32. g4 hxg4+ 33. Kxg4
Kf6 34. f4 Re2 35. Kf3 Rd2 36. Ke3 Rd7 37. Rh1 c5 38. h5 gxh5 39. Rxh5 Rc7 40.
Rh6+ Ke7 41. Rb6 f6 42. e5 fxe5 43. fxe5 Kd7 44. Rh6 Ke8 45. Ke4 Rf7 46. Rh2
Re7 47. Kd5 Rc7 48. Rh8+ Kd7 49. Rh7+ Kd8 50. Rxc7 Kxc7 51. Kxc5 Kd7 52. Kxb4
Ke6 53. Kc5 Kxe5 54. Kb6 1-0

[Event "37. Copenhagen Open (Politiken Cup)"]
[Site "Elsinore"]
[Date "2015.07.29"]
[Round "6"]
[White "Stam, Bart"]
[Black "Hinrichs, Lars"]
[Result "0-1"]
[WhiteElo "1946"]
[BlackElo "2205"]
[PlyCount "48"]
[EventDate "2015.07.25"]
[EventType "swiss"]
[EventRounds "10"]
[EventCountry "DEN"]
[Source "ChessBase"]
[SourceDate "2015.09.14"]

1. e4 e6 2. d4 d5 3. Nc3 Nf6 4. Bg5 Bb4 5. e5 h6 6. exf6 hxg5 7. fxg7 Rg8 8. h4
gxh4 9. Qh5 Qf6 10. Nf3 c5 11. Bb5+ Bd7 12. Bxd7+ Nxd7 13. Qxh4 Qxg7 14. O-O-O
Bxc3 15. bxc3 Rc8 16. Rh3 Qf8 17. Ng5 cxd4 18. Rxd4 Qe7 19. f4 Nf8 20. Qf2 f6
21. Nf3 Qa3+ 22. Kd1 Qxc3 23. Rd3 Qa1+ 24. Kd2 Rxc2+ 0-1

[Event "37. Copenhagen Open (Politiken Cup)"]
[Site "Elsinore"]
[Date "2015.07.29"]
[Round "6"]
[White "Subramanian, Aditya"]
[Black "Engel, Luis"]
[Result "0-1"]
[WhiteElo "1942"]
[BlackElo "2200"]
[PlyCount "78"]
[EventDate "2015.07.25"]
[EventType "swiss"]
[EventRounds "10"]
[EventCountry "DEN"]
[Source "ChessBase"]
[SourceDate "2015.09.14"]

1. d4 g6 2. c4 Bg7 3. e4 d6 4. Nc3 Nc6 5. Be3 e5 6. Nge2 exd4 7. Nxd4 Nge7 8.
Be2 O-O 9. O-O Re8 10. h3 a6 11. Qd2 Bd7 12. Rfe1 Rb8 13. Nd5 b5 14. Nxc6 Nxc6
15. cxb5 axb5 16. f3 Ne5 17. Rac1 c6 18. Nf4 Bf8 19. b3 Ra8 20. Rc2 Ra3 21. Rd1
Qa8 22. Bd4 Rd8 23. Nd3 Nxd3 24. Qxd3 Be7 25. f4 c5 26. Bb2 Rxa2 27. Bf3 Bc6
28. b4 c4 29. Qd4 Qa7 30. Qxa7 Rxa7 31. Bd4 Ra4 32. Bc3 Bf8 33. Kf2 Re8 34. Re1
Ra3 35. g4 Rb3 36. f5 Bh6 37. Rd1 Bf4 38. Rd4 Be5 39. Ke3 Ra8 0-1